000 00734cam a22002533a 4500
001 11534
003 PGUSA
005 20140828083238.0
008 040301s2004||||xxu|||||s|||||000 1 eng d
040 _aPGUSA
_beng
042 _adc
050 4 _aPS
100 1 _aWilson, Harry Leon,
_d1867-1939
245 1 4 _aThe Lions of the Lord :
_bA Tale of the Old West
_h[electronic resource] /
_cHarry Leon Wilson
260 _bProject Gutenberg,
_c2004
506 _aPublic domain in the USA.
516 _aElectronic text
653 _aMormon pioneers -- Fiction
653 _aWestern stories
653 _aHistorical fiction
830 0 _aProject Gutenberg
_v11534
856 4 0 _uhttp://www.gutenberg.org/ebooks/11534
942 _cEB
999 _c240789
_d240789